000 00298nam a22001337a 4500
008 190204b xxu||||| |||| 00| 0 eng d
020 _a9780803618558
041 _aeng
080 _a610.73
100 _a2
101 _aINF
245 _aMaternal-Child Nursing Care
_cWard, S.L
942 _2udc
_cBK
999 _c53930
_d53930